000 00318nam a22001457a 4500
008 210304b ||||| |||| 00| 0 eng d
020 _a9781111342135
041 _aeng
080 _28th
_a94
082 _a94
100 _a16
101 _aSHH
245 _aWestern Civilization
_cSpielvogel, J.J
942 _2udc
_cBK
999 _c55733
_d55733